| 000 | 00880cam a2200265 a 4500 | ||
|---|---|---|---|
| 005 | 20181016121411.0 | ||
| 008 | 181016s1998 mx r 000 0 spa d | ||
| 015 | _aNNN | ||
| 020 | _a9682321530 | ||
| 020 | _a9789682321535 | ||
| 035 | _a(Sirsi) a629124 | ||
| 040 |
_aCO-BoUCM _bspa _cSaul Niño _dSaul Niño |
||
| 041 | 1 | _aspa | |
| 100 | 1 |
_aGadotti, Moacir _994007 |
|
| 245 | 1 | 0 |
_aHistoria de las ideas pedagógicas _cpor Moacir Gadotti ; traducción de Noemí Alfaro |
| 260 |
_aIztapalapa (México) _bSiglo Veintiuno _c1998 |
||
| 300 | _axix, 354 páginas | ||
| 490 | 0 | _aEducación | |
| 650 | 7 |
_aFilosofía de la educación _915758 |
|
| 650 | 7 |
_aPedagogía _xHistoria _940852 |
|
| 700 | 1 |
_aAlfaro, Noemí _etraductor _994008 |
|
| 765 | _tHistoria das ideias pedagogicas | ||
| 942 |
_2DEWEY _a10 _cLIBRORESER _e1 _h370.1 _mG125p |
||
| 999 |
_c310621 _d310621 |
||